000
00251nam a2200109Ia 4500
008
190914s9999||||xx |||||||||||||| ||und||
100
_a
HRH General Khaled
245
0
_a
Desert Warrior
260
_a
India
_b
Oxford
_c
2007
300
_a
888
942
_c
BK
999
_c
10028
_d
10028